| 000 -LEADER |
| fixed length control field |
00967nam a2200205Ia 4500 |
| 001 - CONTROL NUMBER |
| control field |
11539 |
| 003 - CONTROL NUMBER IDENTIFIER |
| control field |
GE_BSU |
| 008 - FIXED-LENGTH DATA ELEMENTS--GENERAL INFORMATION |
| fixed length control field |
181216s||||||||xx |||||||||||||| ||und|| |
| 040 ## - CATALOGING SOURCE |
| Transcribing agency |
GE_BSU |
| 080 ## - UNIVERSAL DECIMAL CLASSIFICATION NUMBER |
| Universal Decimal Classification number |
015(479.22)+016:002 |
| 245 ## - TITLE STATEMENT |
| Title |
ქართული წიგნი. |
| 245 ## - TITLE STATEMENT |
| Remainder of title |
ბიბლიოგრაფია.ტ.2. 1921–1945 ნაკვ.II. |
| 245 ## - TITLE STATEMENT |
| Statement of responsibility, etc. |
წიგნი შედგენილია პალატის მუსაკების:პლ.ხუნდაძის;თ.ნაკაშიძის და ვ.ჯოჯუას ხელმძღვანელობით და მონაწილეობით; რედ: ვ.გოგოლაძე; მხატვ:ლ.გრიგოლია. |
| 260 ## - PUBLICATION, DISTRIBUTION, ETC. |
| Place of publication, distribution, etc. |
თბილისი. |
| 260 ## - PUBLICATION, DISTRIBUTION, ETC. |
| Name of publisher, distributor, etc. |
ტექნიკა და შრომა. |
| 260 ## - PUBLICATION, DISTRIBUTION, ETC. |
| Date of publication, distribution, etc. |
1951. |
| 300 ## - PHYSICAL DESCRIPTION |
| Extent |
1389გვ;30სმ. |
| 653 ## - INDEX TERM--UNCONTROLLED |
| Uncontrolled term |
ქართული წიგნი. |
| 942 ## - ADDED ENTRY ELEMENTS (KOHA) |
| Koha item type |
წიგნი |